| 000 | 00696nam a2200253Ia 4500 | ||
|---|---|---|---|
| 003 | OSt | ||
| 005 | 20221005093543.0 | ||
| 006 | a|||||r|||| 00| 0 | ||
| 007 | ta | ||
| 008 | 221004b |||||||| |||| 00| 0 ben d | ||
| 020 | _a9780979254543 (pbk) | ||
| 024 | _a5202 | ||
| 037 |
_bGift, 18/03/2013, _cTextual |
||
| 040 |
_aCRL _cCRL _bben |
||
| 041 |
_2ben _aben |
||
| 082 | _aO157,3N36x, P8 | ||
| 100 |
_aKhasnobis Eva _9618519 |
||
| 245 | 0 | _aManjusha | |
| 260 |
_aNodia _bD.K. Khashnobish India _c2008 |
||
| 300 |
_a264p. _ccm. |
||
| 650 | _aBENGALI LITERATURE | ||
| 942 |
_hO157,3N36x, P8 _cTEXL _2cc |
||
| 999 |
_c1000597 _d1000597 |
||